Algebra 1:Concepts and Skills volume 2 (Record no. 83883)
[ view plain ]
| 000 -LEADER | |
|---|---|
| fixed length control field | 00789nam a2200169 a 4500 |
| 008 - FIXED-LENGTH DATA ELEMENTS--GENERAL INFORMATION | |
| fixed length control field | 210224s2001 ||||||||||||||||| || u |
| 020 ## - INTERNATIONAL STANDARD BOOK NUMBER | |
| International Standard Book Number | 0618106480 |
| 050 ## - LIBRARY OF CONGRESS CALL NUMBER | |
| Classification number | QA 152.3 Lar |
| 100 ## - MAIN ENTRY--PERSONAL NAME | |
| Personal name | Larson, Ron |
| 245 10 - TITLE STATEMENT | |
| Title | Algebra 1:Concepts and Skills volume 2 |
| Statement of responsibility, etc. | By Ron Larson;Laurie Boswell;Timothy D. Kanold;Lee Stiff |
| 260 ## - PUBLICATION, DISTRIBUTION, ETC. | |
| Place of publication, distribution, etc. | Boston |
| Name of publisher, distributor, etc. | McDougal, Little & Co |
| Date of publication, distribution, etc. | 2001 |
| 300 ## - PHYSICAL DESCRIPTION | |
| Extent | xxviii,832 pages:illustrations |
| 350 ## - | |
| -- | 21.37 |
| 650 #0 - SUBJECT ADDED ENTRY--TOPICAL TERM | |
| Topical term or geographic name entry element | ALGEBRA |
| 995 ## - | |
| -- | MAIN LIBRARY OPEN ACCESS |
| -- | 750839 |
| -- | CBU-MAIN LIBRARY (Kitwe) |
| -- | 21.37 |
| -- | QA 152.3 Lar |
| -- | 1 |
| -- | AVAILABLE |
| -- | Mar 11, 2021 |
| -- | 750839 |
| -- | Main Library Open Access Collection |
| 995 ## - | |
| -- | MAIN LIBRARY OPEN ACCESS |
| -- | 750840 |
| -- | CBU-MAIN LIBRARY (Kitwe) |
| -- | 21.37 |
| -- | QA 152.3 Lar |
| -- | 2 |
| -- | AVAILABLE |
| -- | Mar 11, 2021 |
| -- | 750840 |
| -- | Main Library Open Access Collection |
| 999 ## - | |
| -- | 83883 |
| -- | 83883 |
| Withdrawn status | Lost status | Source of classification or shelving scheme | Damaged status | Not for loan | Permanent Location | Current Location | Shelving location | Date acquired | Total Checkouts | Full call number | Barcode | Date last seen | Copy number | Price effective from | Koha item type |
|---|---|---|---|---|---|---|---|---|---|---|---|---|---|---|---|
| CBU-MAIN LIBRARY, KITWE. | CBU-MAIN LIBRARY, KITWE. | 01/08/2024 | QA 152.3 Lar | 750839 | 01/08/2024 | 1 | 01/08/2024 | MONOGRAPH | |||||||
| CBU-MAIN LIBRARY, KITWE. | CBU-MAIN LIBRARY, KITWE. | 01/08/2024 | QA 152.3 Lar | 750840 | 01/08/2024 | 2 | 01/08/2024 | MONOGRAPH |